Countries that Border Germany - Sudden Death - Statistics

General Stats
  • This quiz has been taken 125 times
  • The average score is 8 of 9
Answers on the Grid
Answers color-coded by a green-red scale on the quiz's grid according to % correct below.
Czech Republic
Poland
Netherlands
Belgium
Luxembourg
France
Switzerland
Austria
Liechenstein
Denmark
Sweden
Russia
Spain
Italy
Slovakia
Norway
 
Answer Stats
Answer % Correct
Poland
92%
Netherlands
89%
Austria
88%
France
88%
Switzerland
87%
Luxembourg
85%
Czech Republic
84%
Belgium
80%
Denmark
78%
No matching quizzes found
Score Distribution
Percent of People with Each Score
Percentile by Number Answered
Your Score History
You have not taken this quiz